000 00377nam a2200145Ia 4500
008 090124s9999 xx 000 0 und d
082 _b133819
_a103179
245 _a छप्पर
250 _a1
260 _bपाटील व.के.(वसंत केशव )
_c2006
300 _a190
630 _a छप्पर
730 _a छप्पर
942 _cBOOK
999 _c180130
_d180130